000 00850nam a2200265Ia 4500
003 OSt
005 20220926033900.0
006 a|||||r|||| 00| 0
007 ta
008 220923b |||||||| |||| 00| 0 eng d
037 _cGeneral Book
040 _aRTL
_cRTL
_beng
041 _2eng
_aeng
082 _aU44.2.N8, M5
100 _aSingh K N Ed.
_9339666
245 0 _aRural development in India problems, strategies an
260 _aVaranasi
_bNational Geographical Association India
_c1985
300 _a375p.
_ccm.
490 _aNational Geographical Association Of India, Publication. R L Singh Foundation Publications
500 _aBib p. 347-68
650 _aRural Geography
700 _a Singh D N Ed.
_9339667
942 _hU44.2.N8, M5
_cGB
_2CC
999 _c658176
_d658176